000 00430nam a2200181Ia 4500
001 25079
005 20260414151126.0
008 260414t2008||||xx |||||||||||||| ||spa||
041 _aESP
082 _a346.2
_bA36
100 _aAlbaladejo, Manuel
_eAUT
245 0 _aCurso de derecho civil. IV :
_bDerecho de familia
260 _c2008
300 _a
_c24 cm.
650 _aDER
654 _aCDE
942 _cLIB
_dJUS
_fJUS
_2ddc
_n
999 _c25079
_d25079